[Event "Ljubljana op 14th"]
[Site "Ljubljana"]
[Date "2003.06.21"]
[Round "1"]
[White "Podkriznik, Gregor"]
[Black "Grasselli, Luka"]
[Result "1-0"]
[WhiteElo "2369"]
[BlackElo "1854"]
[PlyCount "31"]
[EventDate "2003.06.21"]
[EventType "swiss"]
[EventRounds "9"]
[EventCountry "SLO"]
[SourceTitle "EXT 2004"]
[Source "ChessBase"]
[SourceDate "2003.11.25"]
[SourceVersion "1"]
[SourceVersionDate "2003.11.25"]
[SourceQuality "1"]

1. d4 d5 2. c4 dxc4 3. Nf3 a6 4. e3 Nf6 5. Bxc4 e6 6. 0-0 Be7 7. Qe2 c5 8. a3 0-0 9. Nc3 b5 10. Ba2 Bb7 11. dxc5 Bxc5 12. e4 Nbd7 13. Bg5 Qb6 14. Rad1 Bc6 15. b4 Be7 16. e5 1-0

[Event "Portoroz op"]
[Site "Portoroz"]
[Date "2003.05.02"]
[Round "8"]
[White "Grasselli, Luka"]
[Black "Petek, Primoz"]
[Result "0-1"]
[WhiteElo "1854"]
[BlackElo "2095"]
[PlyCount "122"]
[EventDate "2003.04.??"]
[EventType "swiss"]
[EventRounds "9"]
[EventCountry "SLO"]
[SourceTitle "EXT 2005"]
[Source "ChessBase"]
[SourceDate "2004.11.15"]
[SourceVersion "1"]
[SourceVersionDate "2004.11.15"]
[SourceQuality "1"]

1. e4 e5 2. Nf3 Nc6 3. Nc3 Nf6 4. Bb5 Nd4 5. Ba4 Bc5 6. Nxe5 0-0 7. Nd3 Bb6 8. Nf4 c6 9. d3 d5 10. f3 Re8 11. Nfe2 Nh5 12. Kf1 Nxf3 13. Nf4 Qh4 14. Qxf3 Bg4 15. g3 Bxf3 16. gxh4 Nxf4 17. Bxf4 Bxh1 18. exd5 Re7 19. dxc6 Bxc6 20. Bxc6 bxc6 21. Kg2 Rae8 22. Kf1 Re6 23. Bg3 Bd4 24. Re1 Bxc3 25. Rxe6 Rxe6 26. bxc3 Kf8 27. c4 Ke8 28. Be1 Kd7 29. Bc3 g6 30. Kf2 c5 31. a4 Rb6 32. Ke2 Rb1 33. Be1 Kc6 34. a5 a6 35. Kd2 f5 36. Ke2 Ra1 37. Bc3 Rg1 38. Be5 Rg2+ 39. Kd1 h5 40. Bf4 Kd7 41. Bg3 Rg1+ 42. Be1 f4 43. Ke2 Rg2+ 44. Kf3 Rxc2 45. Kxf4 Rxh2 46. Kf3 Kc6 47. Ke3 Rg2 48. Kf3 Rg4 49. Bf2 g5 50. hxg5 Rxg5 51. Bh4 Rg1 52. Kf2 Rh1 53. Be7 h4 54. Kg2 Rd1 55. Bxh4 Rxd3 56. Bf6 Rd2+ 57. Kf3 Rc2 58. Ke3 Rxc4 59. Kd3 Ra4 60. Bd8 Kb5 61. Kc3 Ra3+ 0-1

[Event "Portoroz op"]
[Site "Portoroz"]
[Date "2003.05.01"]
[Round "7"]
[White "Rozic, Adrijan"]
[Black "Grasselli, Luka"]
[Result "0-1"]
[WhiteElo "1966"]
[BlackElo "1854"]
[PlyCount "72"]
[EventDate "2003.04.??"]
[EventType "swiss"]
[EventRounds "9"]
[EventCountry "SLO"]
[SourceTitle "EXT 2005"]
[Source "ChessBase"]
[SourceDate "2004.11.15"]
[SourceVersion "1"]
[SourceVersionDate "2004.11.15"]
[SourceQuality "1"]

1. d4 d5 2. Nf3 Nf6 3. e3 Bf5 4. c4 e6 5. Qb3 b6 6. Nc3 c6 7. cxd5 exd5 8. Bd2 Bd6 9. Be2 0-0 10. Rc1 Nbd7 11. Qa4 b5 12. Qd1 Nb6 13. 0-0 a5 14. Ne5 Bxe5 15. dxe5 Nfd7 16. f4 h6 17. e4 dxe4 18. Be3 b4 19. Na4 Nd5 20. Qd2 Nxe3 21. Qxe3 Rc8 22. Rfd1 Qc7 23. Rd6 f6 24. g4 Bg6 25. Ba6 fxe5 26. Rxg6 exf4 27. Bc4+ Kh8 28. Qxe4 f3 29. Bd3 Qa7+ 30. Kh1 Nf6 31. Qxf3 Qd4 32. Rf1 Nd7 33. Bf5 Ne5 34. Qd1 Qxd1 35. Rxh6+ gxh6 36. Rxd1 Rfd8 0-1

[Event "Portoroz op"]
[Site "Portoroz"]
[Date "2003.04.29"]
[Round "5"]
[White "Grasselli, Luka"]
[Black "Piber, Vinko"]
[Result "1/2-1/2"]
[WhiteElo "1854"]
[BlackElo "2031"]
[PlyCount "102"]
[EventDate "2003.04.??"]
[EventType "swiss"]
[EventRounds "9"]
[EventCountry "SLO"]
[SourceTitle "EXT 2005"]
[Source "ChessBase"]
[SourceDate "2004.11.15"]
[SourceVersion "1"]
[SourceVersionDate "2004.11.15"]
[SourceQuality "1"]

1. Nf3 Nf6 2. g3 g6 3. Bg2 Bg7 4. 0-0 0-0 5. c4 c5 6. d4 cxd4 7. Nxd4 Nc6 8. Nc3 Qb6 9. Nb3 d6 10. h3 Ne5 11. Nd2 Be6 12. b3 Nh5 13. Na4 Qc7 14. Bb2 Bd7 15. Nc3 Bc6 16. Nf3 Qb6 17. Nxe5 dxe5 18. Bxc6 bxc6 19. Ne4 Rad8 20. Qc2 Rd7 21. Rad1 Rfd8 22. Bc3 f5 23. c5 Qa6 24. Ng5 Rxd1 25. Rxd1 Rd5 26. Ne6 Bf6 27. Rxd5 cxd5 28. Nc7 Qc6 29. Ba5 e4 30. b4 a6 31. a4 e3 32. b5 axb5 33. axb5 exf2+ 34. Kxf2 Bd4+ 35. e3 Qxc5 36. Qxc5 Bxc5 37. b6 Nf6 38. b7 Ba7 39. Nb5 Bb8 40. Bc7 Nd7 41. Bxb8 Nxb8 42. Nc7 Kf7 43. Nxd5 Ke6 44. Nb4 Kd6 45. e4 Kc5 46. Nd5 e6 47. Nf6 h6 48. Ng8 Kb6 49. exf5 gxf5 50. Nxh6 Kxb7 51. Nf7 Kc7 1/2-1/2

[Event "Nova Gorica op-B 08th"]
[Site "Nova Gorica"]
[Date "2003.??.??"]
[Round "5"]
[White "Grasselli, Luka"]
[Black "Kavcic, Zan"]
[Result "0-1"]
[WhiteElo "2049"]
[BlackElo "2057"]
[PlyCount "104"]
[EventDate "2003.02.01"]
[EventType "swiss"]
[EventRounds "9"]
[EventCountry "SLO"]
[SourceTitle "EXT 2005"]
[Source "ChessBase"]
[SourceDate "2004.11.15"]
[SourceVersion "1"]
[SourceVersionDate "2004.11.15"]
[SourceQuality "1"]

1. e4 e6 2. d4 d5 3. exd5 exd5 4. Bd3 Bd6 5. Ne2 Ne7 6. 0-0 Nbc6 7. c3 Bf5 8. Bxf5 Nxf5 9. Ng3 Qd7 10. Qd3 Nce7 11. Nxf5 Nxf5 12. Re1+ Ne7 13. c4 dxc4 14. Qxc4 0-0 15. Nc3 c6 16. Ne4 Nd5 17. Nxd6 Qxd6 18. Bg5 f6 19. Bh4 Rfe8 20. Bg3 Qb4 21. Qxb4 Nxb4 22. Rxe8+ Rxe8 23. Kf1 Rd8 24. Bf4 Nc2 25. Rd1 Rd5 26. Rd2 Nxd4 27. Be3 c5 28. Bxd4 cxd4 29. Ke2 Kf7 30. Kd3 Ke6 31. Re2+ Kd6 32. Rc2 Rh5 33. Kxd4 Rxh2 34. f3 h5 35. f4 h4 36. Ke3 h3 37. Rd2+ Ke6 38. gxh3 Rxh3+ 39. Ke4 f5+ 40. Kd4 Rf3 41. Rc2 Rxf4+ 42. Ke3 g5 43. Rc8 Re4+ 44. Kf2 Ke5 45. Rc7 Rb4 46. b3 Kf4 47. Re7 g4 48. Rg7 a5 49. Rc7 Rd4 50. Rxb7 Rd2+ 51. Ke1 Rxa2 52. Rb5 g3 0-1

[Event "Nova Gorica op-B 08th"]
[Site "Nova Gorica"]
[Date "2003.??.??"]
[Round "8"]
[White "Grasselli, Luka"]
[Black "Varini, Massimo"]
[Result "0-1"]
[WhiteElo "2049"]
[BlackElo "2087"]
[PlyCount "88"]
[EventDate "2003.02.01"]
[EventType "swiss"]
[EventRounds "9"]
[EventCountry "SLO"]
[SourceTitle "EXT 2005"]
[Source "ChessBase"]
[SourceDate "2004.11.15"]
[SourceVersion "1"]
[SourceVersionDate "2004.11.15"]
[SourceQuality "1"]

1. e4 e6 2. d4 d5 3. exd5 exd5 4. Bd3 Nc6 5. Ne2 Bd6 6. c3 Qh4 7. g3 Qh3 8. Nf4 Bxf4 9. Qe2+ Kf8 10. Bxf4 Bg4 11. f3 Re8 12. Be3 Nf6 13. Na3 Bh5 14. 0-0-0 Bg6 15. Rde1 a6 16. Qd2 Bxd3 17. Qxd3 g6 18. Bf4 Rxe1+ 19. Rxe1 Qxh2 20. Bxc7 Kg7 21. Qd2 Qh5 22. g4 Qh3 23. Qf4 Qh4 24. Qg3 Qxg3 25. Bxg3 h5 26. g5 Nd7 27. Nc2 Rc8 28. Kd2 Nf8 29. Be5+ Kg8 30. Bf6 Nh7 31. Nb4 Nxb4 32. cxb4 Nxf6 33. gxf6 Rc6 34. Re8+ Kh7 35. Re7 Rxf6 36. Rxb7 Rxf3 37. Ke2 Rf6 38. b5 axb5 39. Rxb5 h4 40. Rxd5 h3 41. Rc5 g5 42. Rxg5 h2 43. Rh5+ Rh6 44. Rf5 Kg6 0-1

[Event "Ljubljana op 10th"]
[Site "Ljubljana"]
[Date "1999.06.25"]
[Round "1"]
[White "Grasselli, Luka"]
[Black "Tratar, Marko"]
[Result "0-1"]
[WhiteElo "2067"]
[BlackElo "2450"]
[PlyCount "77"]
[EventDate "1999.06.??"]
[EventType "swiss"]
[EventRounds "9"]
[EventCountry "SLO"]
[SourceTitle "EXT 2000"]
[Source "ChessBase"]
[SourceDate "1999.11.16"]
[SourceVersion "1"]
[SourceVersionDate "1999.11.16"]
[SourceQuality "1"]

1. e4 c5 2. c4 Nc6 3. Nf3 g6 4. Be2 Bg7 5. 0-0 e6 6. Nc3 Nge7 7. d3 0-0 8. Be3 Nd4 9. Bxd4 cxd4 10. Nb5 Qb6 11. Qd2 d5 12. a4 dxc4 13. dxc4 Nc6 14. Rab1 a5 15. Ne1 Nb4 16. Nd3 Nxd3 17. Bxd3 e5 18. c5 Qxc5 19. Rfc1 Qb4 20. Qxb4 axb4 21. b3 Rd8 22. Rc5 Rb8 23. Nc7 Bf8 24. Rxe5 Bd6 25. Re8+ Rxe8 26. Nxe8 Be5 27. f4 Bxf4 28. Nf6+ Kg7 29. Nd5 Bd2 30. Rd1 Bc3 31. h3 Be6 32. Bc4 Rd8 33. Nb6 Rd6 34. a5 Bxc4 35. Nxc4 Re6 36. e5 Kf8 37. Kf2 f6 38. exf6 Kf7 39. Kf3 0-1